<?xml version="1.0" encoding="UTF-8"?>
<collection xmlns="http://www.loc.gov/MARC21/slim">
 <record>
  <leader>00610nam a22001815a 4500</leader>
  <controlfield tag="001">EHU.bham011663</controlfield>
  <controlfield tag="003">AR-BHAM</controlfield>
  <controlfield tag="005">20071204175830.0</controlfield>
  <controlfield tag="008">130507s1961##################000#0#####d</controlfield>
  <datafield tag="082" ind1="8" ind2="8">
   <subfield code="a">888</subfield>
  </datafield>
  <datafield tag="100" ind1="1" ind2=" ">
   <subfield code="a">Plutarco</subfield>
  </datafield>
  <datafield tag="245" ind1="1" ind2="0">
   <subfield code="a">Moralia. tomo 9 /</subfield>
   <subfield code="c">Plutarco</subfield>
  </datafield>
  <datafield tag="260" ind1=" " ind2=" ">
   <subfield code="a">London :</subfield>
   <subfield code="b">W. Heinemann ; Cambridge [massachusetts] :</subfield>
   <subfield code="b">Harvard University Press,</subfield>
   <subfield code="c">1961</subfield>
  </datafield>
  <datafield tag="300" ind1=" " ind2=" ">
   <subfield code="a">453 p.</subfield>
  </datafield>
  <datafield tag="500" ind1=" " ind2=" ">
   <subfield code="a">With An English Translation By Edwin L. Minar   Texto en inglés y griego</subfield>
  </datafield>
  <datafield tag="505" ind1="0" ind2=" ">
   <subfield code="a">697 C - 771 E</subfield>
  </datafield>
  <datafield tag="653" ind1=" " ind2=" ">
   <subfield code="a">Miscelanea griega</subfield>
  </datafield>
  <datafield tag="859" ind1=" " ind2=" ">
   <subfield code="a">AR-BHAM</subfield>
   <subfield code="b">BIB. HUMANIDADES - General</subfield>
   <subfield code="h">888</subfield>
   <subfield code="i">P746-3</subfield>
   <subfield code="p">501.65</subfield>
   <subfield code="t">Ej.1</subfield>
   <subfield code="v">IX</subfield>
   <subfield code="3">IX</subfield>
  </datafield>
 </record>
</collection>
